[Event "Chigorin Memorial"]
[Site "St Petersburg RUS"]
[Date "2013.10.05"]
[Round "1.1"]
[White "Grigoriev, Maxim G."]
[Black "Eljanov, Pavel"]
[Result "0-1"]
[BlackTitle "GM"]
[WhiteElo "2211"]
[BlackElo "2729"]
[WhiteFideId "24120774"]
[BlackFideId "14102951"]
[EventDate "2013.10.05"]

1. d4 Nf6 2. g3 d5 3. Bg2 c6 4. Nf3 Bf5 5. O-O e6 6. c4 Nbd7 7. b3 Bd6 8. Bb2
O-O 9. Nc3 Qe7 10. Nd2 Rfd8 11. Re1 h6 12. e3 a6 13. c5 Bc7 14. f4 Ba5 15. a3
Bxc3 16. Bxc3 Ne4 17. Ba5 Re8 18. g4 Nxd2 19. Bxd2 Be4 20. Bxe4 dxe4 21. Re2 Nf6
22. Rg2 Nd5 23. Qc2 f5 24. Kh1 Kh7 25. Rag1 g6 26. Qd1 Rg8 27. Rg3 Rg7 28. Rh3
Rh8 29. Qf1 Kg8 30. Rhg3 Kf7 31. Qh3 Rgg8 32. Qg2 Qf6 33. Qe2 g5 34. Qf2 Rg7 35.
R3g2 Rhg8 36. fxg5 Rxg5 37. gxf5 exf5 38. Rxg5 hxg5 39. Rf1 Ke6 40. Qg3 Kd7 41.
Qg2 Qe6 42. b4 f4 43. Qf2 Qh3 44. Re1 f3 45. Rg1 Nf6 46. Qg3 Qxg3 47. Rxg3 Ke6
48. Rh3 Kd5 0-1

[Event "Chigorin Memorial"]
[Site "St Petersburg RUS"]
[Date "2013.10.05"]
[Round "1.2"]
[White "Areshchenko, Alexander"]
[Black "Sukhareva, Evgeniya"]
[Result "1-0"]
[WhiteTitle "GM"]
[WhiteElo "2714"]
[BlackElo "2210"]
[WhiteFideId "14109530"]
[BlackFideId "4167155"]
[EventDate "2013.10.05"]

1. e4 c5 2. Nf3 e6 3. d4 cxd4 4. Nxd4 a6 5. Nc3 b5 6. Bd3 Qb6 7. Nf3 Bc5 8. O-O
d6 9. Bd2 Qc7 10. b4 Ba7 11. a4 bxa4 12. Rxa4 Nf6 13. b5 a5 14. Rc4 Qd8 15. e5
dxe5 16. Nxe5 Bb7 17. Bg5 Nbd7 18. Nxd7 Qxd7 19. Bxf6 gxf6 20. Be4 Qxd1 21. Rxd1
Bxe4 22. Nxe4 O-O 23. Nxf6+ Kg7 24. Nd7 Rfd8 25. Rd3 Bb8 26. b6 a4 27. Rg4+ Kh8
28. b7 Ra5 29. Ne5 1-0

[Event "Chigorin Memorial"]
[Site "St Petersburg RUS"]
[Date "2013.10.05"]
[Round "1.3"]
[White "Belenkaya, Dina"]
[Black "Alekseev, Evgeny"]
[Result "1/2-1/2"]
[WhiteTitle "WFM"]
[BlackTitle "GM"]
[WhiteElo "2203"]
[BlackElo "2707"]
[WhiteFideId "24142654"]
[BlackFideId "4138147"]
[EventDate "2013.10.05"]

1. e4 c5 2. Nf3 Nc6 3. Bb5 d6 4. O-O Bg4 5. Re1 e6 6. h3 Bh5 7. c4 Nf6 8. Nc3
Nd7 9. g4 Bg6 10. d4 a6 11. Ba4 cxd4 12. Nxd4 Rc8 13. f4 Nxd4 14. Qxd4 d5 15.
Qd1 dxe4 16. Be3 Rxc4 17. f5 exf5 18. Qd5 b5 19. gxf5 Be7 20. fxg6 hxg6 21. Bb3
Rh5 22. Qd2 Rc8 23. Nxe4 Ne5 24. Qxd8+ Rxd8 25. Kg2 Nd3 26. Red1 Re5 27. Kf3 Rh5
28. Nf2 Nxb2 29. Rxd8+ Bxd8 30. Bd4 Bf6 31. Re1+ Kf8 32. Bxf6 gxf6 33. Re2 Nc4
34. Bxc4 bxc4 35. Rc2 Ra5 36. Ne4 Kg7 37. Nd6 Ra3+ 38. Kg2 g5 39. Nxc4 Rd3 40.
a4 f5 41. Ne5 Ra3 42. Rc4 Ra2+ 43. Kg1 Ra3 44. h4 gxh4 45. Nd7 Kg6 46. Rxh4 Kg5
47. Rc4 f4 48. Kf2 Ra2+ 49. Kf3 Ra3+ 50. Ke2 Ra2+ 51. Kf3 Ra3+ 52. Kf2 Ra2+ 1/2-1/2

[Event "Chigorin Memorial"]
[Site "St Petersburg RUS"]
[Date "2013.10.05"]
[Round "1.4"]
[White "Akopian, Vladimir"]
[Black "Rjanova, Valery"]
[Result "1-0"]
[WhiteTitle "GM"]
[BlackTitle "WFM"]
[WhiteElo "2684"]
[BlackElo "2192"]
[WhiteFideId "13300032"]
[BlackFideId "24129119"]
[EventDate "2013.10.05"]

1. e4 e5 2. Nf3 Nc6 3. Bb5 a6 4. Ba4 Nge7 5. O-O g6 6. c3 Bg7 7. d4 exd4 8. cxd4
b5 9. Bb3 d6 10. Nc3 Na5 11. Bc2 O-O 12. h3 c5 13. Bg5 h6 14. Bh4 g5 15. Bg3 Nc4
16. b3 Na3 17. Bd3 Nc6 18. Nd5 Nxd4 19. Nxd4 Bxd4 20. Qh5 Kg7 21. Rad1 Be6 22.
Kh2 f6 23. f4 Bf7 24. Qf3 b4 25. Ne3 Be6 26. Nf5+ Bxf5 27. exf5 Nb5 28. Rde1 Bc3
29. Re6 Nd4 30. Qh5 Nxe6 31. Qg6+ Kh8 32. Qxh6+ Kg8 33. fxe6 Ra7 34. fxg5 d5 35.
Rf5 Rh7 36. Qxh7+ Kxh7 37. e7 1-0

[Event "Chigorin Memorial"]
[Site "St Petersburg RUS"]
[Date "2013.10.05"]
[Round "1.7"]
[White "Pranizin, Gennady"]
[Black "Zvjaginsev, Vadim"]
[Result "0-1"]
[BlackTitle "GM"]
[WhiteElo "2187"]
[BlackElo "2659"]
[WhiteFideId "24131393"]
[BlackFideId "4113403"]
[EventDate "2013.10.05"]

1. e4 c5 2. Nc3 g6 3. g3 Bg7 4. Bg2 Nc6 5. Nge2 e6 6. O-O Nge7 7. d3 O-O 8. Be3
Nd4 9. f4 d6 10. Rb1 Bd7 11. Kh1 Rc8 12. Qd2 b5 13. Ng1 b4 14. Nd1 Qb6 15. Nf2
Qa6 16. e5 Nef5 17. Ng4 Bc6 18. c3 h5 19. Nf6+ Bxf6 20. exf6 Nc2 21. Bf2 Qb7 22.
Nf3 Bxf3 23. Rg1 h4 24. h3 hxg3 25. Qxc2 Bxg2+ 26. Rxg2 bxc3 27. b3 Qf3 28. Rf1
Nh4 0-1

[Event "Chigorin Memorial"]
[Site "St Petersburg RUS"]
[Date "2013.10.05"]
[Round "1.8"]
[White "Khismatullin, Denis"]
[Black "Antinyan, Armen"]
[Result "1-0"]
[WhiteTitle "GM"]
[WhiteElo "2656"]
[BlackElo "2179"]
[WhiteFideId "4142578"]
[BlackFideId "13303112"]
[EventDate "2013.10.05"]

1. c4 Nf6 2. d4 e6 3. Nc3 d5 4. cxd5 exd5 5. Bg5 Be7 6. e3 c6 7. Bd3 Bg4 8. Nge2
h6 9. Bh4 Ne4 10. Bxe7 Qxe7 11. Bxe4 dxe4 12. Qc2 Bxe2 13. Kxe2 f5 14. g4 g6 15.
Qb3 Na6 16. Rhg1 O-O-O 17. gxf5 gxf5 18. Rg6 Nc7 19. Rag1 Qh4 20. Rg7 Qh5+ 21.
Ke1 Qxh2 22. R1g3 Rhf8 23. Qb4 Qh4 24. Kd2 Rfe8 25. Qa5 Ne6 26. Qxa7 Nxg7 27.
Rxg7 Rxd4+ 28. exd4 e3+ 29. Kc2 1-0

[Event "Chigorin Memorial"]
[Site "St Petersburg RUS"]
[Date "2013.10.05"]
[Round "1.9"]
[White "Emdin, Mark"]
[Black "Romanov, Evgeny"]
[Result "0-1"]
[BlackTitle "GM"]
[WhiteElo "2177"]
[BlackElo "2654"]
[WhiteFideId "4100050"]
[BlackFideId "4148843"]
[EventDate "2013.10.05"]

1. e4 e5 2. Nf3 Nc6 3. Bc4 Bc5 4. c3 Nf6 5. d3 d6 6. O-O Bb6 7. a4 a5 8. Nbd2
Ne7 9. Re1 O-O 10. Nf1 Ng6 11. Ng3 Be6 12. Bb3 h6 13. Be3 Bxe3 14. fxe3 Qd7 15.
Bc2 Qc6 16. d4 Qb6 17. Qd2 Rad8 18. Bd3 Rfe8 19. h3 Bc8 20. Qf2 d5 21. Bb1 dxe4
22. Nxe4 Nxe4 23. Bxe4 f5 24. Bb1 e4 25. Nd2 Be6 26. Ba2 Bxa2 27. Rxa2 Rf8 28.
Qg3 Kh7 29. b3 c5 30. Kh1 cxd4 31. cxd4 Rc8 32. Rb2 Rc3 33. Qf2 Qb4 34. Nc4 Rxb3
35. Rxb3 Qxb3 36. Nd6 Qb4 37. Nb5 Qxa4 0-1

[Event "Chigorin Memorial"]
[Site "St Petersburg RUS"]
[Date "2013.10.05"]
[Round "1.10"]
[White "Khairullin, Ildar"]
[Black "Drachev, Oleg"]
[Result "1-0"]
[WhiteTitle "GM"]
[WhiteElo "2651"]
[BlackElo "2176"]
[WhiteFideId "4151348"]
[BlackFideId "24193933"]
[EventDate "2013.10.05"]

1. e4 d6 2. d4 Nf6 3. Nc3 g6 4. Be3 c6 5. Qd2 b5 6. Bd3 Qa5 7. h3 Bg7 8. Nf3
Nbd7 9. O-O O-O 10. a3 a6 11. e5 Ne8 12. Bg5 f6 13. exf6 exf6 14. Bh6 Qc7 15.
Rfe1 Nb6 16. Re2 Bxh6 17. Qxh6 Qg7 18. Qf4 g5 19. Qg3 h5 20. Rae1 h4 21. Nxh4
gxh4 22. Qxh4 Bd7 23. Re3 Qh8 24. Qg3+ Ng7 25. Qxd6 Rad8 26. Rg3 Nc8 27. Qf4 Qh5
28. Bg6 Qh8 29. Ne4 f5 30. Ng5 1-0

[Event "Chigorin Memorial"]
[Site "St Petersburg RUS"]
[Date "2013.10.05"]
[Round "1.11"]
[White "Kalinin, Nikita"]
[Black "Kovalenko, Igor"]
[Result "0-1"]
[BlackTitle "GM"]
[WhiteElo "2167"]
[BlackElo "2644"]
[WhiteFideId "24155390"]
[BlackFideId "14117908"]
[EventDate "2013.10.05"]

1. e4 Nf6 2. e5 Nd5 3. d4 d6 4. Nf3 Bg4 5. Be2 e6 6. c4 Nb6 7. O-O Be7 8. h3 Bh5
9. exd6 cxd6 10. d5 e5 11. Nc3 O-O 12. b3 N8d7 13. Bb2 Re8 14. Ne1 Bg6 15. Bd3
Nf8 16. g3 Qc8 17. Kh2 Nbd7 18. Ng2 a6 19. Ne3 Nf6 20. Qc2 Bd8 21. Bxg6 hxg6 22.
Ba3 Qd7 23. b4 N8h7 24. Kg2 Rc8 25. Rac1 Bb6 26. Ne4 Bxe3 27. fxe3 Nxe4 28. Qxe4
Qxh3+ 29. Kxh3 Ng5+ 30. Kg2 Nxe4 31. c5 f5 32. Rfd1 Kf7 33. Bb2 dxc5 34. d6 Red8
35. bxc5 Ke6 36. Ba3 Rd7 37. Rc2 Rxd6 38. Rb1 b5 39. Bb4 Rcc6 40. a4 bxa4 0-1

[Event "Chigorin Memorial"]
[Site "St Petersburg RUS"]
[Date "2013.10.05"]
[Round "1.12"]
[White "Sjugirov, Sanan"]
[Black "Grigoryeva, Olga A."]
[Result "1-0"]
[WhiteTitle "GM"]
[BlackTitle "WFM"]
[WhiteElo "2635"]
[BlackElo "2166"]
[WhiteFideId "4189302"]
[BlackFideId "24132594"]
[EventDate "2013.10.05"]

1. e4 d5 2. exd5 Qxd5 3. Nc3 Qa5 4. d4 Nf6 5. Nf3 Bg4 6. h3 Bh5 7. g4 Bg6 8. Ne5
Nbd7 9. Nc4 Qa6 10. Bf4 Qe6+ 11. Ne3 Nb6 12. Bxc7 Nfd7 13. d5 Qf6 14. h4 e5 15.
h5 Bb4 16. hxg6 Rc8 17. d6 e4 18. gxf7+ Kf8 19. Qd2 1-0

[Event "Chigorin Memorial"]
[Site "St Petersburg RUS"]
[Date "2013.10.05"]
[Round "1.13"]
[White "Semenova, Elena1"]
[Black "Demchenko, Anton"]
[Result "0-1"]
[WhiteTitle "WIM"]
[BlackTitle "GM"]
[WhiteElo "2163"]
[BlackElo "2632"]
[WhiteFideId "24125148"]
[BlackFideId "4160258"]
[EventDate "2013.10.05"]

1. e4 c5 2. Nf3 d6 3. d4 cxd4 4. Qxd4 Nf6 5. e5 Nc6 6. Bb5 Qa5+ 7. Nc3 Qxb5 8.
Nxb5 Nxd4 9. Nbxd4 dxe5 10. Nxe5 a6 11. Bd2 e6 12. c4 Ne4 13. Be3 f6 14. Nd3 e5
15. Nc2 Be6 16. b3 O-O-O 17. O-O-O Nc3 18. Rd2 Nxa2+ 19. Kb2 Bf5 20. Nxe5 Rxd2
21. Bxd2 Bxc2 22. Nf7 Rg8 23. Kxc2 Nb4+ 24. Kc3 Nc6 25. Bf4 Bb4+ 26. Kb2 Re8 27.
Nd6+ Bxd6 28. Bxd6 Re2+ 29. Kc3 Rxf2 30. g4 Rf3+ 31. Kb2 Nd4 32. Rd1 0-1

[Event "Chigorin Memorial"]
[Site "St Petersburg RUS"]
[Date "2013.10.05"]
[Round "1.14"]
[White "Volkov, Sergey"]
[Black "Aminov, Andrey"]
[Result "1-0"]
[WhiteTitle "GM"]
[WhiteElo "2628"]
[BlackElo "2163"]
[WhiteFideId "4122763"]
[BlackFideId "24162728"]
[EventDate "2013.10.05"]

1. d4 Nf6 2. c4 g6 3. Nc3 Bg7 4. e4 d6 5. Be2 O-O 6. Nf3 e5 7. Be3 exd4 8. Nxd4
Re8 9. f3 c6 10. Bf2 d5 11. exd5 cxd5 12. O-O Nc6 13. c5 Nh5 14. Qd2 Be5 15. g3
Ng7 16. Rfe1 Bh3 17. Rad1 a6 18. a3 Qd7 19. b4 Rad8 20. Nxc6 bxc6 21. Na4 Qa7
22. Nb6 h5 23. a4 h4 24. b5 axb5 25. axb5 Qc7 26. f4 Bf6 27. bxc6 Rxe2 28. Qxe2
Qxc6 29. Qf3 hxg3 30. hxg3 Be6 31. g4 Be7 32. Rc1 Bf6 33. Red1 Bb2 34. Rc2 Bf6
35. Rcd2 Rb8 36. Nxd5 Kf8 37. Qh3 Nh5 38. Nxf6 Nxf6 39. Qh8+ Ng8 40. Rd8+ Rxd8
41. Rxd8+ Ke7 42. Qxg8 1-0

[Event "Chigorin Memorial"]
[Site "St Petersburg RUS"]
[Date "2013.10.05"]
[Round "1.15"]
[White "Loginov, Anton"]
[Black "Korneev, Oleg"]
[Result "0-1"]
[BlackTitle "GM"]
[WhiteElo "2156"]
[BlackElo "2622"]
[WhiteFideId "4125134"]
[BlackFideId "4156803"]
[EventDate "2013.10.05"]

1. e4 c5 2. Nf3 e6 3. d4 cxd4 4. Nxd4 a6 5. Bd3 Bc5 6. Nb3 Be7 7. O-O d6 8. f4
Nd7 9. Be3 Ngf6 10. Qf3 Qc7 11. c4 b6 12. Nc3 Bb7 13. Rac1 O-O 14. Qh3 Rfe8 15.
Nd2 Rac8 16. g4 Nc5 17. Bc2 g6 18. g5 Nh5 19. f5 exf5 20. exf5 Bf8 21. Nd5 Bxd5
22. cxd5 a5 23. Nb3 Qb7 24. Bd1 Nxb3 25. Rxc8 Qxc8 26. Bxh5 Nc5 27. Bg4 Qb7 28.
Qf3 Nd3 29. Bd4 Ne1 30. Qb3 a4 31. Qb5 Qe7 32. fxg6 hxg6 33. Qd7 Bg7 34. Bxg7
Kxg7 35. Qxe7 Rxe7 36. Rf4 b5 37. Kf1 Nd3 38. Rd4 Re1+ 39. Kg2 Nxb2 40. Rb4 Nc4
41. Rxb5 Ra1 42. Be2 Rxa2 43. Kf1 Ne3+ 44. Ke1 Nc2+ 0-1

[Event "Chigorin Memorial"]
[Site "St Petersburg RUS"]
[Date "2013.10.05"]
[Round "1.16"]
[White "Andriasian, Zaven"]
[Black "Tkachev, Ivan"]
[Result "1-0"]
[WhiteTitle "GM"]
[WhiteElo "2621"]
[BlackElo "2156"]
[WhiteFideId "13302000"]
[BlackFideId "4186885"]
[EventDate "2013.10.05"]

1. e4 c6 2. d4 d5 3. e5 Bf5 4. h4 h5 5. c4 dxc4 6. Bxc4 e6 7. Nc3 Nd7 8. Nge2
Be7 9. Ng3 Bg4 10. Be2 Bxe2 11. Qxe2 g6 12. Nge4 Nb6 13. Be3 Nh6 14. Rd1 Nf5 15.
Bg5 Nd5 16. O-O Nxh4 17. Nd6+ Kf8 18. Bxh4 Bxh4 19. Nxb7 Qc7 20. Nd6 Nxc3 21.
bxc3 Be7 22. Ne4 Kg7 23. Rd3 Rad8 24. Qd2 c5 25. Rd1 cxd4 26. cxd4 h4 27. Qf4
Rh5 28. Nf6 Rf5 29. Qxh4 Rh8 30. Qh7+ Rxh7 31. Ne8+ Kf8 32. Nxc7 Bd8 33. Nb5 f6
34. Rf3 Rxf3 35. gxf3 fxe5 36. dxe5 Bb6 37. Nd6 Rh4 38. Ne4 Rh5 39. Nf6 Rf5 40.
Kg2 Ke7 41. Rd7+ Kf8 42. Ng4 g5 43. Kg3 Rf4 44. Nf6 Rf5 45. Kg4 Bxf2 46. Kh5 Bc5
47. Kg6 Be7 48. Rxa7 1-0

[Event "Chigorin Memorial"]
[Site "St Petersburg RUS"]
[Date "2013.10.05"]
[Round "1.17"]
[White "Pogosian, Vladimir"]
[Black "Ponkratov, Pavel"]
[Result "0-1"]
[BlackTitle "GM"]
[WhiteElo "2150"]
[BlackElo "2618"]
[WhiteFideId "13301586"]
[BlackFideId "4157800"]
[EventDate "2013.10.05"]

1. c4 Nf6 2. g3 e6 3. Bg2 d5 4. Nf3 Be7 5. O-O O-O 6. b3 c5 7. Bb2 Nc6 8. d3 b6
9. Nc3 d4 10. Nb1 Rb8 11. Nbd2 Bb7 12. Rb1 Qc7 13. h3 e5 14. Ne4 Nd7 15. g4 Rfd8
16. Bc1 Nf8 17. Bd2 a6 18. Ng3 Ne6 19. Nf5 b5 20. Rc1 b4 21. Ng5 Bxg5 22. Bxg5
Re8 23. Bd2 Ne7 24. Be4 Nxf5 25. gxf5 Bxe4 26. dxe4 Nf4 27. Bxf4 exf4 28. f3 g6
29. fxg6 hxg6 30. Rf2 Kg7 31. a3 Rh8 32. Rh2 a5 33. axb4 Rxb4 34. h4 Rh5 35. Qe1
Qb8 36. Ra1 Rxb3 37. Qxa5 d3 38. Re1 dxe2 39. Qa1+ Kg8 40. Kf2 Qd8 41. Rxe2 Qd3
42. Rh3 Rb1 43. Qf6 Qd1 0-1

[Event "Chigorin Memorial"]
[Site "St Petersburg RUS"]
[Date "2013.10.05"]
[Round "1.18"]
[White "Zhigalko, Andrey"]
[Black "Kharmunova, Nadezhda"]
[Result "1-0"]
[WhiteTitle "GM"]
[BlackTitle "WIM"]
[WhiteElo "2615"]
[BlackElo "2148"]
[WhiteFideId "13502247"]
[BlackFideId "4195876"]
[EventDate "2013.10.05"]

1. Nf3 f5 2. g3 Nf6 3. Bg2 g6 4. O-O Bg7 5. d3 O-O 6. c4 d6 7. Nc3 e5 8. b4 e4
9. Nd4 Nc6 10. Nxc6 bxc6 11. Rb1 d5 12. Qc2 Qe7 13. Be3 Rd8 14. cxd5 cxd5 15.
Nb5 c6 16. Nd4 Bd7 17. Nxc6 Bxc6 18. Qxc6 Rac8 19. Qa6 d4 20. Bxd4 Rc2 21. Bxf6
Qxf6 22. Qxf6 Bxf6 23. dxe4 fxe4 24. e3 Rxa2 25. Bxe4 Rdd2 26. Rfd1 Kf8 27. Rxd2
Rxd2 28. b5 Bb2 29. Kg2 Ke7 30. h4 Kd6 31. h5 Kc5 32. hxg6 hxg6 33. Bxg6 Kxb5
34. Rh1 Bc3 35. g4 a5 36. Be8+ Kc5 37. g5 Rd8 38. Ba4 Rg8 39. f4 Kb4 40. Bc2 Bb2
41. Rh7 Rc8 42. Rb7+ Kc3 43. Ba4 Bc1 44. Kf3 Rh8 45. g6 Rh3+ 46. Kg2 1-0

[Event "Chigorin Memorial"]
[Site "St Petersburg RUS"]
[Date "2013.10.05"]
[Round "1.21"]
[White "Ustinov, Alexey"]
[Black "Aleksandrov, Aleksej"]
[Result "0-1"]
[BlackTitle "GM"]
[WhiteElo "2125"]
[BlackElo "2600"]
[WhiteFideId "24126209"]
[BlackFideId "13500139"]
[EventDate "2013.10.05"]

1. e4 e5 2. Nf3 Nc6 3. Nc3 Nf6 4. d4 exd4 5. Nxd4 Bb4 6. Nxc6 bxc6 7. Bd3 O-O 8.
O-O Re8 9. Qf3 Bd6 10. Bf4 Bxf4 11. Qxf4 d6 12. Rad1 Bd7 13. Rfe1 Qe7 14. Qh4 h6
15. Rd2 Qe5 16. Rde2 Qd4 17. Qg3 Re5 18. Kh1 g5 19. Qe3 Qxe3 20. Rxe3 Rae8 21.
Nd1 Ra5 22. a3 Ng4 23. Rg3 f5 24. b4 Rae5 25. h3 Nf6 26. f4 Nxe4 27. fxe5 Nxg3+
28. Kh2 f4 29. Bc4+ Kg7 30. e6 Bc8 0-1

[Event "Chigorin Memorial"]
[Site "St Petersburg RUS"]
[Date "2013.10.05"]
[Round "1.22"]
[White "Hovhannisyan, Robert"]
[Black "Yudkevich, Mikhail"]
[Result "1-0"]
[WhiteTitle "GM"]
[WhiteElo "2599"]
[BlackElo "2121"]
[WhiteFideId "13302507"]
[BlackFideId "4134486"]
[EventDate "2013.10.05"]

1. d4 e6 2. Nf3 d5 3. c4 c6 4. e3 Nf6 5. Bd3 Nbd7 6. Nbd2 b6 7. O-O Bb7 8. e4
dxe4 9. Nxe4 Nxe4 10. Bxe4 Nf6 11. Bc2 Be7 12. Bf4 O-O 13. Qe2 c5 14. Rad1 Qe8
15. d5 exd5 16. Rfe1 Bd8 17. Qf1 Qd7 18. Ne5 Qc8 19. cxd5 Bxd5 20. Bg5 Bb7 21.
Qd3 Ba6 22. Qf3 Bb7 23. Qg3 c4 24. Rd6 Ne4 25. Rxe4 Bxe4 26. Bxe4 Bxg5 27. Qxg5
f6 28. Bd5+ Kh8 29. Ng6+ hxg6 30. Qh4# 1-0

[Event "Chigorin Memorial"]
[Site "St Petersburg RUS"]
[Date "2013.10.05"]
[Round "1.23"]
[White "Androsov, Sergey"]
[Black "Burmakin, Vladimir"]
[Result "0-1"]
[BlackTitle "GM"]
[WhiteElo "2114"]
[BlackElo "2581"]
[WhiteFideId "4102681"]
[BlackFideId "4105109"]
[EventDate "2013.10.05"]

1. e4 c6 2. Nc3 d5 3. Nf3 dxe4 4. Nxe4 Nd7 5. d4 Ngf6 6. Nxf6+ Nxf6 7. Bd3 Bg4
8. c3 e6 9. h3 Bh5 10. Bf4 Bd6 11. Bxd6 Qxd6 12. Qe2 Qd5 13. g4 Bg6 14. Bc4 Qe4
15. Rg1 h5 16. Ne5 hxg4 17. Qxe4 Bxe4 18. hxg4 Nd7 19. Nxd7 Kxd7 20. Be2 Rh3 21.
Bf1 Rh2 22. Ke2 g5 23. Ke3 Bg6 24. Rd1 Rah8 25. Be2 R8h3+ 26. Bf3 Kd6 27. Ke2 a5
28. Rd2 Rh8 29. Ke3 Re8 30. Re2 Rh3 31. Rg3 Rxg3 32. fxg3 Rh8 33. Bg2 a4 34. Kd2
Bb1 35. a3 Ba2 36. Ke1 Bd5 37. Bxd5 cxd5 38. Kd2 Rh1 39. c4 dxc4 40. Re5 Rg1 41.
Rxg5 Rxg3 42. Rg8 b5 43. Rd8+ Kc6 44. Rf8 Rxg4 45. Rxf7 Rxd4+ 0-1

[Event "Chigorin Memorial"]
[Site "St Petersburg RUS"]
[Date "2013.10.05"]
[Round "1.24"]
[White "Epishin, Vladimir"]
[Black "Grachev, Andrey"]
[Result "1-0"]
[WhiteTitle "GM"]
[WhiteElo "2572"]
[BlackElo "2110"]
[WhiteFideId "4162714"]
[BlackFideId "24138290"]
[EventDate "2013.10.05"]

1. d4 d6 2. Nf3 Bg4 3. Nbd2 Nf6 4. e4 e6 5. Bd3 Be7 6. c3 c6 7. Qc2 Nbd7 8. O-O
e5 9. h3 Bxf3 10. Nxf3 O-O 11. Be3 Qc7 12. Rfe1 Rfe8 13. a4 b6 14. Rad1 Bf8 15.
Bg5 h6 16. Bh4 Nh5 17. Bc4 Ndf6 18. Ba2 Rad8 19. Re3 Rd7 20. Rde1 Rde7 21. Nd2
Kh8 22. Nf1 g6 23. Ng3 g5 24. Nxh5 Nxh5 25. Qd1 Nf4 26. Bg3 Bg7 27. h4 f6 28. d5
c5 29. Bc4 Rf8 30. Bh2 Qc8 31. Bf1 Ng6 32. h5 Nf4 33. g3 f5 34. exf5 Qxf5 35.
gxf4 gxf4 36. Re4 Bf6 37. Qf3 Rg8+ 38. Kh1 Reg7 39. Bh3 Qg5 40. Be6 Rf8 41. Rg1
Qh4 42. Rxg7 Bxg7 43. Re1 Qe7 44. Rg1 Bf6 45. Rg6 Bg5 46. Qe4 Qd8 47. f3 Qe7 48.
Kg2 Qb7 49. Bg1 b5 50. a5 b4 51. cxb4 Rb8 52. Bxc5 Qc7 53. Bf2 Qc1 54. Rxg5 hxg5
55. Qg6 Qc7 56. Bf7 1-0

[Event "Chigorin Memorial"]
[Site "St Petersburg RUS"]
[Date "2013.10.05"]
[Round "1.25"]
[White "Belov, Nikita"]
[Black "Al-Modiahki, Mohamad"]
[Result "0-1"]
[BlackTitle "GM"]
[WhiteElo "2108"]
[BlackElo "2568"]
[WhiteFideId "24167177"]
[BlackFideId "12100030"]
[EventDate "2013.10.05"]

1. Nf3 Nf6 2. c4 g6 3. g3 Bg7 4. Bg2 O-O 5. O-O d6 6. Nc3 a6 7. b3 Nc6 8. Bb2
Rb8 9. Rc1 e5 10. h3 Re8 11. d3 Bd7 12. Qd2 Nd4 13. Nd5 Nxf3+ 14. exf3 Nxd5 15.
cxd5 c6 16. f4 cxd5 17. fxe5 dxe5 18. f4 d4 19. Rc5 Qe7 20. b4 exf4 21. Qxf4
Qe3+ 22. Rf2 Be6 23. Kh2 b6 24. Rcc2 Bf5 25. Be4 Qxf4 26. Rxf4 Bxe4 0-1

[Event "Chigorin Memorial"]
[Site "St Petersburg RUS"]
[Date "2013.10.05"]
[Round "1.27"]
[White "Grinberg, Eyal"]
[Black "Belous, Vladimir"]
[Result "0-1"]
[BlackTitle "GM"]
[WhiteElo "2087"]
[BlackElo "2554"]
[WhiteFideId "2806070"]
[BlackFideId "4174003"]
[EventDate "2013.10.05"]

1. e4 c5 2. Nf3 Nc6 3. d4 cxd4 4. Nxd4 e5 5. Nb5 d6 6. N1c3 a6 7. Na3 b5 8. Nd5
Nce7 9. c4 Nxd5 10. exd5 bxc4 11. Nxc4 Be7 12. Be2 f5 13. O-O Nf6 14. f4 exf4
15. Bxf4 O-O 16. Bf3 a5 17. Qe1 Ba6 18. Qe6+ Kh8 19. b3 Ne4 20. Bxe4 Bc8 21.
Qxe7 Qxe7 22. Bxd6 Qxe4 23. Bxf8 Bb7 24. Ba3 Bxd5 25. Rf2 Ra6 26. Nd6 Qe5 27.
Rd1 Rxd6 28. Bxd6 Qxd6 29. Rxf5 Qb6+ 30. Kh1 Bg8 31. h3 h6 32. Re1 Kh7 33. Ree5
Be6 34. Rb5 Qd4 35. Rfe5 Bd7 36. Rxa5 Bc6 37. Rac5 Bb7 38. Re7 Bxg2+ 39. Kxg2
Qxc5 40. Re2 Qc3 41. Rf2 g5 42. Rf3 Qc6 43. a4 h5 44. Kg3 h4+ 45. Kf2 Qe4 46. a5
Kg6 47. Re3 Qf4+ 48. Ke2 Qh2+ 49. Kd3 g4 50. hxg4 h3 51. a6 Qg2 52. Rxh3 Qxh3+
53. Kc4 Qf1+ 0-1

[Event "Chigorin Memorial"]
[Site "St Petersburg RUS"]
[Date "2013.10.05"]
[Round "1.28"]
[White "Bukavshin, Ivan"]
[Black "Bykova, Anastasia"]
[Result "1-0"]
[WhiteTitle "GM"]
[WhiteElo "2553"]
[BlackElo "2083"]
[WhiteFideId "4199758"]
[BlackFideId "4164970"]
[EventDate "2013.10.05"]

1. d4 d5 2. c4 c6 3. Nc3 Nf6 4. e3 g6 5. Nf3 Bg7 6. Be2 O-O 7. O-O b6 8. b4 a5
9. b5 Bb7 10. Ba3 dxc4 11. Bxc4 cxb5 12. Nxb5 Nc6 13. Qb3 Ne4 14. Rab1 Nb8 15.
Rfc1 Nd7 16. Nc7 Rc8 17. Nd5 Nd6 18. Bxd6 exd6 19. Nd2 Bxd5 20. Bxd5 Nf6 21.
Rxc8 Qxc8 22. Bf3 Nd7 23. Ne4 Qc7 24. g3 Re8 25. Kg2 h6 26. h4 Rb8 27. Qd5 Bf8
28. h5 g5 29. Qf5 Kg7 30. Nxg5 hxg5 31. h6+ Kh8 32. Be4 1-0

[Event "Chigorin Memorial"]
[Site "St Petersburg RUS"]
[Date "2013.10.05"]
[Round "1.29"]
[White "Korchagina, Viktoria"]
[Black "Popov, Valerij"]
[Result "0-1"]
[WhiteTitle "WFM"]
[BlackTitle "GM"]
[WhiteElo "2079"]
[BlackElo "2548"]
[WhiteFideId "4197224"]
[BlackFideId "4119410"]
[EventDate "2013.10.05"]

1. e4 e5 2. Nf3 Nc6 3. Bb5 g6 4. d4 exd4 5. Nxd4 Bg7 6. Be3 a6 7. Ba4 b5 8. Bb3
Na5 9. c3 Bb7 10. Nd2 Nf6 11. f3 O-O 12. O-O Re8 13. Bg5 c5 14. Ne2 Nxb3 15.
Nxb3 c4 16. Nbd4 d5 17. exd5 Qxd5 18. Qd2 Nd7 19. Rad1 Nc5 20. Bh6 Be5 21. Bf4
Bh8 22. Nc1 Rad8 23. Qf2 b4 24. Kh1 bxc3 25. bxc3 Na4 26. Nce2 Bc8 27. Rd2 Nc5
28. Nc1 Bf5 29. Bg5 Rc8 30. Qh4 Bd3 31. Nxd3 cxd3 32. Bf6 Bxf6 33. Qxf6 Re3 34.
c4 Nd7 35. Qxa6 Rxc4 36. Nb3 Ne5 37. Qf6 Re2 38. h3 Rc2 39. Rfd1 Rxa2 40. Rxe2
Rxe2 41. Nd2 Nd7 42. Qd8+ Kg7 43. Qc8 Qg5 44. Kg1 Nf6 0-1